| 000 | 00608nam a22001937a 4500 | ||
|---|---|---|---|
| 999 |
_c7417 _d7417 |
||
| 003 | OSt | ||
| 005 | 20211102173351.0 | ||
| 008 | 211102b ||||| |||| 00| 0 eng d | ||
| 020 | _a0891188258 | ||
| 040 | _cDDC | ||
| 082 | _a631.421 MET 1965. | ||
| 100 |
_aEditorial committee, D.L. Sparks ... [et al.] _915184 |
||
| 245 | _aMethods of soil analysis. Part 3, Chemical methods. | ||
| 260 |
_aMadison, Wis. ; _b Soil Science Society of America : _c1965 |
||
| 300 |
_axxi, 1390 p. : _b ill. ; _c 24 cm. |
||
| 650 |
_aSoils -- Analysis _915185 |
||
| 650 |
_aSoil physical chemistry _912868 |
||
| 942 |
_2ddc _cBOOK |
||